000 00983nam a22002417a 4500
005 20240530110518.0
008 160209s2013 su abo f b 000 0 ara d
017 _a1433/9611
_bالسعودية . مكتبة الملك فهد الوطنية
020 _a9786038120514
040 _aEG-CaGPL
082 0 4 _221
_a932.014
_bق/ع م
100 0 _aعلاء الدين محمد محمد قابيل .
245 1 0 _aملك الرياضة امنحوتب الثانى :
_bحياته و اعماله و اثاره /
_cعلاء الدين محمد محمد قابيل .
250 _aط1.
260 _aالرياض :
_bدار الزهراء ،
_c2013 .
300 _a400 ص :
_bايض ؛
_c24 سم .
504 _aببليوجرافية : ص 325 - 340
600 0 _aامونحتب الثانى .
650 0 4 _aالرياضة
_xتاريخ
_zمصر القديمة .
651 0 4 _aمصر القديمة
_xتاريخ .
942 _2ddc
_cBK
999 _c61827
_d61827